000 00212 a2200097 4500
001 26063
100 _aGil
245 _aElectrical principles of electronics
260 _a
_bMcGraw-Hill
_c
090 _c17626
_d17626
942 _aNUST-CAE
_cM
_c8476
999 _c261136
_d261136